Statistics for E Before I

Click here to take the quiz!

General Stats

  • This quiz has been taken 14,350 times
  • The average score is 13 of 20

Answer Stats

HintAnswer% Correct
Celsius alternativeFahrenheit
91%
Opposite of an arteryVein
89%
Vehicle mentioned in the song
"Jingle Bells"
Sleigh
86%
Homophone of ateEight
81%
German supermodel: _____ KlumHeidi
80%
A capital city in Asia
Beijing / Beirut /
Taipei
79%
A boring tan colorBeige
78%
Third person plural possessiveTheir
77%
Something a bride might wearVeil
77%
Airbus's competitorBoeing
70%
The study of earthquakesSeismology
69%
The belief in only one deityMonotheism
67%
Another name for a caribouReindeer
63%
City where Disneyland is locatedAnaheim
53%
What an acrophobe is afraid ofHeights
53%
One mentioned in a willHeir
53%
Title for the head of an Arab tribeSheik
50%
German rock band named for a
U.S. air force base
Rammstein
35%
A serious one of these might
be a "grand mal"
Seizure
32%
The world's most widely consumed
psychoactive drug
Caffeine
24%

Score Distribution

Percentile by Number Answered

Percent of People with Each Score

Your Score History

You have not taken this quiz